000 00251nam a22001097a 4500
999 _c252119
_d252118
020 _a9966445854
100 _aKLB
245 _aKiswahili kwa kidato cha 2
250 _aToleo la nne
260 _aNairobi
_bKenya Literature Bureau
_c2007
942 _cBK